Statistics for 東京23区の駅(ボロノイ図)

Click here to take the quiz!

General Stats

  • This quiz has been taken 34 times
  • The average score is 360 of 490

Answers on the Map

Answers color-coded by a green-red scale on the quiz's map according to % correct below.
 

Answer Stats

駅名% Correct
高田馬場たかだのばば
100%
新宿しんじゅく
100%
東京とうきょう
100%
代々木よよぎ
100%
葛西かさい
100%
銀座ぎんざ
100%
有楽町ゆうらくちょう
100%
日本橋にほんばし
100%
目黒めぐろ
100%
品川しながわ
100%
日暮里にっぽり
100%
中野なかの
100%
西日暮里にしにっぽり
100%
馬喰町ばくろちょう
97%
練馬ねりま
97%
巣鴨すがも
97%
新橋しんばし
97%
板橋いたばし
97%
新木場しんきば
97%
豊洲とよす
97%
蒲田かまた
97%
高輪たかなわゲートウェイ
97%
上野うえの
97%
浜松町はままつちょう
97%
東中野ひがしなかの
97%
田町たまち
97%
浅草あさくさ
97%
大崎おおさき
97%
神田かんだ
97%
渋谷しぶや
97%
葛西臨海公園かさいりんかいこうえん
97%
秋葉原あきはばら
97%
五反田ごたんだ
97%
浅草あさくさ(TX)
97%
王子おうじ
93%
荻窪おぎくぼ
93%
新宿三丁目しんじゅくさんちょうめ
93%
鶯谷うぐいすだに
93%
神保町じんぼうちょう
93%
御徒町おかちまち
93%
水道橋すいどうばし
93%
駒込こまごめ
93%
新小岩しんこいわ
93%
潮見しおみ
93%
小岩こいわ
93%
錦糸町きんしちょう
93%
大森おおもり
93%
志茂しも
93%
新大久保しんおおくぼ
93%
亀戸かめいど
93%
西荻窪にしおぎくぼ
93%
両国りょうごく
93%
赤坂あかさか
93%
原宿はらじゅく
93%
飯田橋いいだばし
93%
赤羽あかばね
93%
目白めじろ
93%
阿佐ヶ谷あさがや
93%
池袋いけぶくろ
93%
早稲田わせだ(都営)
90%
南阿佐ヶ谷みなみあさがや
90%
南千住みなみせんじゅ
90%
浅草橋あさくさばし
90%
尾久おく
90%
国会議事堂前こっかいぎじどうまえ
90%
高円寺こうえんじ
90%
小台おだい
90%
明大前めいだいまえ
90%
大塚おおつか
90%
御茶ノ水おちゃのみず
90%
表参道おもてさんどう
90%
四ツ谷よつや
90%
北千住きたせんじゅ
90%
神楽坂かぐらざか
90%
早稲田わせだ(メトロ)
90%
春日かすが
90%
築地つきじ
90%
大手町おおてまち
90%
白金台しろかねだい
90%
大井町おおいまち
90%
中目黒なかめぐろ
90%
江戸川えどがわ
90%
新日本橋しんにほんばし
90%
西葛西にしかさい
90%
新御茶ノ水しんおちゃのみず
90%
市ヶ谷いちがや
90%
白金高輪しろかねたかなわ
90%
田端たばた
90%
大久保おおくぼ
90%
東陽町とうようちょう
86%
東大前とうだいまえ
86%
九段下くだんした
86%
清澄白河きよすみしらかわ
86%
高輪台たかなわだい
86%
高島平たかしまだいら
86%
銀座一丁目ぎんざいっちょうめ
86%
千駄ヶ谷せんだがや
86%
月島つきしま
86%
地下鉄赤塚ちかてつあかつか
86%
木場きば
86%
後楽園こうらくえん
86%
京急蒲田けいきゅうかまた
86%
中野坂上なかのさかうえ
86%
十条じゅうじょう
86%
青砥あおと
86%
西高島平にしたかしまだいら
86%
東銀座ひがしぎんざ
86%
汐留しおどめ
86%
南砂町みなみすなまち
86%
信濃町しなのまち
86%
三田みた
86%
方南町ほうなんちょう
86%
平井ひらい
86%
日比谷ひびや
86%
地下鉄成増ちかてつなります
86%
新高島平しんたかしまだいら
86%
金町かなまち
86%
恵比寿えびす
86%
岩本町いわもとちょう
86%
上野御徒町うえのおかちまち
86%
赤羽岩淵あかばねいわぶち
86%
有明ありあけ
86%
大島おおじま
86%
ひかりおか
86%
新宿御苑前しんじゅくぎょえんまえ
83%
淡路町あわじちょう
83%
西新宿にししんじゅく
83%
品川しながわシーサイド
83%
中野富士見町なかのふじみちょう
83%
板橋区役所前いたばしくやくしょまえ
83%
都庁前とちょうまえ
83%
石神井公園しゃくじいこうえん
83%
牛込神楽坂うしごめかぐらざか
83%
王子神谷おうじかみや
83%
落合おちあい
83%
溜池山王ためいけさんのう
83%
八丁堀はっちょうぼり
83%
台場だいば
83%
世田谷せたがや
83%
永福町えいふくちょう
83%
水天宮前すいてんぐうまえ
83%
新宿西口しんじゅくにしぐち
83%
新御徒町しんおかちまち
83%
国立競技場こくりつきょうぎじょう
83%
西大井にしおおい
83%
下北沢しもきたざわ
83%
南新宿みなみしんじゅく
83%
六本木ろっぽんぎ
83%
半蔵門はんぞうもん
83%
青山一丁目あおやまいっちょうめ
83%
赤坂見附あかさかみつけ
83%
赤羽橋あかばねばし
83%
東高円寺ひがしこうえんじ
83%
明治神宮前めいじじんぐうまえ
83%
亀有かめあり
83%
霞ヶ関かすみがせき
83%
東十条ひがしじゅうじょう
83%
東新宿ひがししんじゅく
83%
茅場町かやばちょう
83%
羽田空港第はねだくうこうだい2ターミナル
83%
有明ありあけテニスのもり
83%
仲御徒町なかおかちまち
79%
西馬込にしまごめ
79%
西武新宿せいぶしんじゅく
79%
住吉すみよし
79%
茗荷谷みょうがだに
79%
末広町すえひろちょう
79%
西ヶ原にしがはら
79%
東大島ひがしおおじま
79%
門前仲町もんぜんなかちょう
79%
西大島にしおおじま
79%
新高円寺しんこうえんじ
79%
代々木上原よよぎうえはら
79%
大泉学園おおいずみがくえん
79%
代々木公園よよぎこうえん
79%
馬喰横山ばくろよこやま
79%
池尻大橋いけじりおおはし
79%
大門だいもん
79%
虎ノ門とらのもんヒルズ
79%
町屋まちや
79%
虎ノ門とらのもん
79%
一之江いちのえ
79%
本郷三丁目ほんごうさんちょうめ
79%
東京とうきょうテレポート
79%
本駒込ほんこまごめ
79%
天王洲てんのうずアイル
79%
築地市場つきじしじょう
79%
竹橋たけばし
79%
初台はつだい
79%
三河島みかわしま
79%
永田町ながたちょう
79%
二子玉川ふたこたまがわ
79%
三ノ輪みのわ
79%
牛込柳町うしごめやなぎちょう
79%
辰巳たつみ
79%
浮間舟渡うきまふなど
79%
上野広小路うえのひろこうじ
79%
青井あおい
79%
落合南長崎おちあいみなみながさき
79%
上石神井かみしゃくじい
79%
北品川きたしながわ
79%
台場海浜公園だいばかいひんこうえん
79%
国際展示場こくさいてんじじょう
79%
桜田門さくらだもん
79%
京成上野けいせいうえの
79%
羽田空港第はねだくうこうだい1ターミナル
79%
羽田空港第はねだくうこうだい3ターミナル
79%
雑司ぞうし
79%
自由じゆうおか
79%
北参道きたさんどう
76%
曙橋あけぼのばし
76%
亀戸水神かめいどすいじん
76%
新中野しんなかの
76%
馬込まごめ
76%
押上おしあげ
76%
中井なかい
76%
泉岳寺せんがくじ
76%
成増なります
76%
東日本橋ひがしにほんばし
76%
麹町こうじまち
76%
中野新橋なかのしんばし
76%
東池袋ひがしいけぶくろ
76%
学芸大学がくげいだいがく
76%
大井競馬場前おおいけいばじょうまえ
76%
外苑前がいえんまえ
76%
乃木坂のぎざか
76%
西早稲田にしわせだ
76%
二重橋前にじゅうばしまえ
76%
井荻いおぎ
76%
舎人とねり
76%
京成高砂けいせいたかさご
76%
湯島ゆしま
76%
青物横丁あおものよこちょう
76%
大岡山おおおかやま
76%
新大塚しんおおつか
76%
上北沢かみきたざわ
76%
かちどき
76%
三軒茶屋さんげんぢゃや
76%
新板橋しんいたばし
76%
とうきょうスカイツリー
72%
小竹向原こたけむかいはら
72%
整備場せいびじょう
72%
堀切ほりきり
72%
芝公園しばこうえん
72%
天空橋てんくうばし
72%
下赤塚しもあかつか
72%
平和台へいわだい
72%
要町かなめちょう
72%
六本木一丁目ろっぽんぎいっちょうめ
72%
氷川台ひかわだい
72%
田原町たわらまち
72%
護国寺ごこくじ
72%
浜町はまちょう
72%
上井草かみいぐさ
72%
下井草しもいぐさ
72%
北綾瀬きたあやせ
72%
西新宿五丁目にししんじゅくごちょうめ
72%
神泉しんせん
72%
鮫洲さめず
72%
板橋本町いたばしほんちょう
72%
新整備場しんせいびじょう
72%
新江古田しんえごた
72%
麻布十番あざぶじゅうばん
72%
豊島園としまえん
72%
中延なかのぶ
72%
東雲しののめ
72%
西新井にしあらい
72%
越中島えっちゅうじま
72%
東武練馬とうぶねりま
72%
桜上水さくらじょうすい
72%
はただい
72%
牛田うしだ
69%
大森町おおもりまち
69%
多摩川たまがわ
69%
京成小岩けいせいこいわ
69%
大塚駅前おおつかえきまえ
69%
青海あおみ
69%
京成立石けいせいたていし
69%
池ノ上いけのうえ
69%
京成金町けいせいかなまち
69%
人形町にんぎょうちょう
69%
蔵前くらまえ
69%
代々木八幡よよぎはちまん
69%
大鳥居おおとりい
69%
久我山くがやま
69%
大森海岸おおもりかいがん
69%
池上いけがみ
69%
田園調布でんえんちょうふ
69%
稲荷町いなりちょう
69%
綾瀬あやせ
69%
高井戸たかいど
69%
京橋きょうばし
69%
都立家政とりつかせい
69%
神谷町かみやちょう
69%
見沼代親水公園みぬまだいしんすいこうえん
69%
鷺ノ宮さぎのみや
69%
三越前みつこしまえ
69%
新豊洲しんとよす
69%
瑞江みずえ
69%
江戸川橋えどがわばし
69%
江古田えこだ
69%
北赤羽きたあかばね
69%
駒沢大学こまざわだいがく
69%
奥沢おくさわ
69%
竹ノ塚たけのつか
69%
大崎広小路おおさきひろこうじ
69%
堀切菖蒲園ほりきりしょうぶえん
69%
下高井戸しもたかいど
69%
四谷三丁目よつやさんちょうめ
69%
北池袋きたいけぶくろ
69%
広尾ひろお
69%
梅屋敷うめやしき
69%
曳舟ひきふね
69%
内幸町うちさいわいちょう
69%
用賀ようが
69%
千川せんかわ
69%
上板橋かみいたばし
69%
羽田空港第はねだくうこうだい1・だい2ターミナル
69%
上中里かみなかざと
66%
上野毛かみのげ
66%
武蔵関むさしせき
66%
祐天寺ゆうてんじ
66%
穴守稲荷あなもりいなり
66%
東北沢ひがしきたざわ
66%
若松河田わかまつかわだ
66%
菊川きくかわ
66%
本所吾妻橋ほんじょあづまばし
66%
新井薬師前あらいやくしまえ
66%
平和島へいわじま
66%
西台にしだい
66%
森下もりした
66%
大山おおやま
66%
都立大学とりつだいがく
66%
新三河島しんみかわしま
66%
竹芝たけしば
66%
梅島うめじま
66%
五反野ごたんの
66%
代田橋だいたばし
66%
京成曳舟けいせいひきふね
66%
世田谷代田せたがやだいた
66%
小伝馬町こでんまちょう
66%
駒場東大前こまばとうだいまえ
66%
桜新町さくらしんまち
66%
千歳船橋ちとせふなばし
66%
桜台さくらだい
66%
王子駅前おうじえきまえ
66%
笹塚ささづか
66%
椎名町しいなまち
66%
下板橋しもいたばし
66%
志村三丁目しむらさんちょうめ
66%
篠崎しのざき
66%
小川町おがわまち
66%
千歳烏山ちとせからすやま
66%
代官山だいかんやま
66%
舎人公園とねりこうえん
66%
ときわだい
66%
入谷いりや
66%
御成門おなりもん
66%
船堀ふなぼり
62%
西永福にしえいふく
62%
経堂きょうどう
62%
宝町たからちょう
62%
浜田山はまだやま
62%
下丸子しもまるこ
62%
参宮橋さんぐうばし
62%
新馬場しんばんば
62%
赤土小学校前あかどしょうがっこうまえ
62%
花茶屋はなぢゃや
62%
荒川車庫前あらかわしゃこまえ
62%
荒川区役所前あらかわくやくしょまえ
62%
東長崎ひがしながさき
62%
小菅こすげ
62%
モノレール浜松町はままつちょう
62%
祖師ヶ谷大蔵そしがやおおくら
62%
新桜台しんさくらだい
62%
不動前ふどうまえ
62%
武蔵小山むさしこやま
62%
戸越とごし
62%
成城学園前せいじょうがくえんまえ
62%
三ノ輪橋みのわばし
62%
飛鳥山あすかやま
62%
新富町しんとみちょう
62%
東京とうきょうビッグサイト
62%
梅ヶ丘うめがおか
62%
荏原中延えばらなかのぶ
62%
六郷土手ろくごうどて
62%
熊野前くまのまえ
62%
根津ねづ
62%
中板橋なかいたばし
62%
六町ろくちょう
62%
練馬高野台ねりまたかのだい
62%
東京国際とうきょうこくさいクルーズターミナル
62%
下落合しもおちあい
62%
沼袋ぬまぶくろ
62%
流通りゅうつうセンター
62%
志村坂上しむらさかうえ
62%
等々力とどろき
62%
蓮根はすね
62%
九品仏くほんぶつ
62%
幡ヶ谷はたがや
62%
ゆき谷大塚やおおつか
62%
テレコムセンター
59%
洗足せんぞく
59%
豪徳寺ごうとくじ
59%
富士見ヶ丘ふじみがおか
59%
糀谷こうじや
59%
京成関屋けいせいせきや
59%
千住大橋せんじゅおおはし
59%
千駄木せんだぎ
59%
西巣鴨にしすがも
59%
市場前しじょうまえ
59%
足立小台あだちおだい
59%
荏原町えばらまち
59%
小村井おむらい
59%
戸越銀座とごしぎんざ
59%
八幡山はちまんやま
59%
荒川一中前あらかわいっちゅうまえ
59%
芦花公園ろかこうえん
59%
四ツ木よつぎ
59%
荒川遊園地前あらかわゆうえんちまえ
59%
柴又しばまた
59%
ひがしあずま
59%
練馬春日町ねりまかすがちょう
59%
喜多見きたみ
59%
矢口渡やぐちのわたし
59%
北千束きたせんぞく
59%
昭和島しょうわじま
59%
西新井大師西にしあらいだいしにし
59%
雑色ぞうしき
59%
東向島ひがしむこうじま
59%
芝浦しばうらとう
59%
新柴又しんしばまた
55%
本蓮沼もとはすぬま
55%
新代田しんだいた
55%
鐘ヶ淵かねがふち
55%
都電雑司ヶ谷とでんぞうしがや
55%
中村橋なかむらばし
55%
立会川たちあいがわ
55%
西小山にしこやま
55%
大師前だいしまえ
55%
東松原ひがしまつばら
55%
尾山台おやまだい
55%
荒川二丁目あらかわにちょうめ
55%
白山はくさん
55%
蓮沼はすぬま
55%
東池袋四丁目ひがしいけぶくろよんちょうめ
52%
荒川七丁目あらかわななちょうめ
52%
学習院下がくしゅういんした
52%
洗足池せんぞくいけ
52%
新庚申塚しんこうしんづか
52%
上町かみまち
52%
富士見台ふじみだい
52%
八広やひろ
52%
松陰神社前しょういんじんじゃまえ
52%
千石せんごく
52%
御嶽山おんたけさん
52%
江北こうほく
52%
野方のがた
52%
千鳥町ちどりちょう
52%
若林わかばやし
52%
52%
下神明しもしんめい
48%
面影橋おもかげばし
48%
庚申塚こうしんづか
48%
西太子堂にしたいしどう
48%
松原まつばら
48%
東尾久三丁目ひがしおぐさんちょうめ
48%
山下やました
48%
扇大橋おうぎおおはし
48%
町屋駅前まちやえきまえ
48%
戸越公園とごしこうえん
48%
鬼子母神前きしぼじんまえ
48%
武蔵新田むさしにった
48%
みどりおか
48%
梶原かじわら
45%
沼部ぬまべ
45%
石川台いしかわだい
45%
長原ながはら
41%
西ヶ原四丁目にしがはらよんちょうめ
41%
谷在家やざいけ
41%
高野こうや
41%
はら
41%
宮ノ前みやのまえ
38%
栄町さかえちょう
38%
滝野川一丁目たきのがわいっちょうめ
38%
巣鴨新田すがもしんでん
38%
向原むこうはら
34%
町屋二丁目まちやにちょうめ
34%
みやさか
34%
34%

Score Distribution

Percentile by Number Answered

Percent of People with Each Score

Your Score History

You have not taken this quiz